| 000 | 00437nam a2200133Ia 4500 | ||
|---|---|---|---|
| 008 | 221224s9999||||xx |||||||||||||| ||und|| | ||
| 082 |
_a242 _bPAN/Y |
||
| 100 | _aPandey, Umesh Chandra | ||
| 245 | 0 | _aYagyavalkya Smriti of Yogishwara Yagyavalkya With the Mitaksara Commentary of Vigyaneshwara. Vol: 1st. Adhyay: Achara | |
| 250 | _a3rd Edition | ||
| 260 |
_aVaranasi _bChaukhambha Sanskrit Sansthan&c1983 |
||
| 300 | _a298 | ||
| 942 | _cVB | ||
| 999 |
_c40440 _d40440 |
||